Library of the University of Algiers 3
Ibrahim Sultan Cheibout
شعار جامعة الجزائر 3
مكتبة جامعة الجزائر 3
إبراهيم سلطان شيبوط

الرفاهية الإقتصادية : (رقم التسجيلة. 45509)

تفاصيل مارك
000 -LEADER
fixed length control field 01476nam a2200229Ia 4500
003 - CONTROL NUMBER IDENTIFIER
control field Ost
005 - DATE AND TIME OF LATEST TRANSACTION
control field 20260507075647.0
008 - FIXED-LENGTH DATA ELEMENTS--GENERAL INFORMATION
fixed length control field 260507s9999||||xx |||||||||||||| ||und||
020 ## - INTERNATIONAL STANDARD BOOK NUMBER
International Standard Book Number 1114210977
040 ## - CATALOGING SOURCE
Transcribing agency fsecg
041 ## - LANGUAGE CODE
Language code of text/sound track or separate title ara
082 ## - DEWEY DECIMAL CLASSIFICATION NUMBER
Classification number 338.9
100 ## - MAIN ENTRY--PERSONAL NAME
Personal name عمر، حسين
Relator term مؤلف
245 #0 - TITLE STATEMENT
Title الرفاهية الإقتصادية :
Remainder of title بحث في الأسس العلمية والتطبيقات العملية لرفاهية الفرد والمجتمع /
Statement of responsibility, etc. حسين عمر
260 ## - PUBLICATION, DISTRIBUTION, ETC.
Place of publication, distribution, etc. القاهرة:
Name of publisher, distributor, etc. دار الفكر العربي,
Date of publication, distribution, etc. 1999
300 ## - PHYSICAL DESCRIPTION
Extent 139 صفحة؛
Other physical details إيضاحات ؛
Dimensions 24 سم
520 ## - SUMMARY, ETC.
Summary, etc. تطوير نظرية القيمة في الإقتصاد الكلاسيكي- النظرية النمساوية في القيمة(نظرية كارل منجر)- النظرية الحديثة في القيمة (نظرية ستانلي جقونز)- الشكل العام لدالة المنفعة- نظرية التفضيل الموضح- اقتصاديات الرفاهية- شروط الاوضاع المثلى في الإنتاج- الناتج الامثل- سياسة السحر في المنشآت العامة- الإطار العام لنتائج الرفاهية في ضوء التحليل الحديث- رفاهية الفرد ورفاهية الجماعة والمجتمع.
653 ## - INDEX TERM--UNCONTROLLED
Uncontrolled term الإقتصاد
653 ## - INDEX TERM--UNCONTROLLED
Uncontrolled term التنمية الإقتصادية
653 ## - INDEX TERM--UNCONTROLLED
Uncontrolled term الرفاهية الإقتصادية
942 ## - ADDED ENTRY ELEMENTS (KOHA)
Koha item type كتب
المقتنيات
Withdrawn status Lost status Source of classification or shelving scheme Damaged status Not for loan Home library Current library Date acquired Serial enumeration / chronology Inventory number Total checkouts Full call number Barcode Date last seen Price effective from Koha item type
    Dewey Decimal Classification   NOT LOAN / إعارة داخلية مكتبة كلية العلوم الإقتصادية والعلوم التجارية وعلوم التسيير مكتبة كلية العلوم الإقتصادية والعلوم التجارية وعلوم التسيير 07/05/2026 الطابق الأرضي 1/1635   أ/1635ن1 1/1635 07/05/2026 07/05/2026 كتب

موارد الويب المفتوحة


© University of Algiers 3 All Rights Reserved
|
Implemented by LECHELAH Riad